| 000 | 00519nam a2200169 a 4500 | ||
|---|---|---|---|
| 001 | 000028955 | ||
| 005 | 20200930055235.0 | ||
| 008 | 110412s1996 dr 000 p spa d | ||
| 040 |
_aDO-SdBNP _bspa _cBNPHU |
||
| 082 |
_axxxx _bC957p |
||
| 100 | 1 |
_aCruz M., José Anibal _924826 |
|
| 245 | 1 | 0 |
_aPoemas del amor y del dolor / _cJosé Anibal Cruz M. |
| 260 |
_aSanto Domingo : _bArte y Cine, _c1996. |
||
| 300 |
_a51 p. ; _c21 cm. |
||
| 590 | _aLos tres primeros ejemplares están dedicados por el autor. | ||
| 049 | _aBNPD | ||
| 999 |
_c28447 _d28447 |
||